Projects : (Record no. 4170)
[ view plain ]
| 000 -LEADER | |
|---|---|
| fixed length control field | 00738nam a22002297a 4500 |
| 001 - CONTROL NUMBER | |
| control field | BD-DhSAU 4170 |
| 003 - CONTROL NUMBER IDENTIFIER | |
| control field | BD-DhSAU |
| 005 - DATE AND TIME OF LATEST TRANSACTION | |
| control field | 20150301101920.0 |
| 008 - FIXED-LENGTH DATA ELEMENTS--GENERAL INFORMATION | |
| fixed length control field | 150215b2009 ii a||||r|||| 001 0 eng d |
| 020 ## - INTERNATIONAL STANDARD BOOK NUMBER | |
| International Standard Book Number | 9780070077935 |
| 040 ## - CATALOGING SOURCE | |
| Original cataloging agency | BD-DhSAU |
| 082 ## - DEWEY DECIMAL CLASSIFICATION NUMBER | |
| Edition number | 22 |
| Classification number | 332.67 |
| Item number | C3618 |
| 100 ## - MAIN ENTRY--PERSONAL NAME | |
| Personal name | Chandra, Prasanna. |
| 245 ## - TITLE STATEMENT | |
| Title | Projects : |
| Remainder of title | planning, analysis, selection, financing, implementation and review / |
| Statement of responsibility, etc. | Dr. Prasanna Chandra. |
| 250 ## - EDITION STATEMENT | |
| Edition statement | 7th ed. |
| 260 ## - PUBLICATION, DISTRIBUTION, ETC. (IMPRINT) | |
| Place of publication, distribution, etc. | New Delhi : |
| Name of publisher, distributor, etc. | Tata McGraw-Hill Publishing Company , |
| Date of publication, distribution, etc. | c2009. |
| 300 ## - PHYSICAL DESCRIPTION | |
| Extent | xxi, I.3 p. : |
| Other physical details | ill. ; |
| Dimensions | 25 cm. |
| 500 ## - GENERAL NOTE | |
| General note | New arrival 2014 |
| 504 ## - BIBLIOGRAPHY, ETC. NOTE | |
| Bibliography, etc | Includes bibliographical references and index. |
| 590 ## - Name of Cataloguer | |
| Name of Cataloger | joy |
| 650 ## - SUBJECT ADDED ENTRY--TOPICAL TERM | |
| Topical term or geographic name as entry element | Capital investments. |
| General subdivision | Management. |
| 942 ## - ADDED ENTRY ELEMENTS (KOHA) | |
| Source of classification or shelving scheme | Dewey Decimal Classification |
| Koha item type | Book |
| Withdrawn status | Lost status | Source of classification or shelving scheme | Damaged status | Not for loan | Home library | Branch Name | Shelving location | Date acquired | Total Checkouts | Full call number | Barcode | Date last seen | Price effective from | Koha item type | Collection code |
|---|---|---|---|---|---|---|---|---|---|---|---|---|---|---|---|
| Dewey Decimal Classification | SAU Library | SAU Library | General Stacks | 26/06/2014 | 332.67 C3618 | 38235 | 15/02/2015 | 15/02/2015 | Book | ||||||
| Dewey Decimal Classification | Not For Loan | SAU Library | SAU Library | Reference | 26/06/2014 | 332.67 C3618 | 38232 | 15/02/2015 | 15/02/2015 | Book | Reference | ||||
| Dewey Decimal Classification | SAU Library | SAU Library | General Stacks | 26/06/2014 | 332.67 C3618 | 38234 | 15/02/2015 | 15/02/2015 | Book | ||||||
| Dewey Decimal Classification | SAU Library | SAU Library | General Stacks | 26/06/2014 | 332.67 C3618 | 38233 | 15/02/2015 | 15/02/2015 | Book |
